| 000 | 00747naa a2200217 i 4500 | ||
|---|---|---|---|
| 001 | 32719 | ||
| 003 | ES-MaBCM | ||
| 005 | 20241016095252.0 | ||
| 008 | 941216s1994 esp 000 0 spa d | ||
| 021 | _axx | ||
| 035 | _a(OCoLC)1365140614 | ||
| 040 | _cES-MaBCM | ||
| 041 | 0 | _aspa | |
| 043 | _aesp | ||
| 100 | 1 |
_aHillers, Sigfredo _922199 |
|
| 245 | 1 | 4 |
_aLos principios fundamentales del socialismo democrático y sus objetivos políticos, según los programas y manifiestos de congresos socialistas _cSigfredo Hillers |
| 650 | 2 | 7 |
_aDemocracia _958263 |
| 650 | 2 | 7 |
_aSocialismo _960295 |
| 773 | 0 |
_aEn: _tRevista de la Facultad de Derecho de la Universidad Complutense _dMadrid : 1994 _w104546 _gn. 82, p. 127-162. - Loc. S.46 |
|
| 942 | _cAREV | ||
| 999 |
_c32719 _d32719 |
||